000
00346nam a2200157Ia 4500
100
_a
Segaran/Toby/ Evans/C
650
_a
Programming
942
_c
BK
366
_f
20
245
_a
Programming the semantic web
260
_b
Shroff Publishers
_c
2009
082
_a
4.65
_b
SEG
300
_a
280
546
_a
ENGLISH
_c
electronics
999
_c
34397
_d
34397